| 000 | 00384cam a2200145ua 4500 | ||
|---|---|---|---|
| 041 |
_aeng _h |
||
| 082 |
_a821 _bLAW/CO |
||
| 100 | _aLawrence, D H . | ||
| 245 |
_aComplete poems of D H Lawrence, Vol 1 / _cD H Lawrence. _hTextual Documents |
||
| 260 |
_aLondon : _bHeinemann Educational Books Ltd. , _c1964. |
||
| 300 | _a565 ; . | ||
| 504 | _a | ||
| 942 | _cBK | ||
| 999 |
_c5131 _d5131 |
||